000 01230nam a2200325Ia 4500
001 ebr10326933
003 CaPaEBR
006 m u
007 cr cn|||||||||
008 990224s1998 enk sb 001 0 eng d
010 _z 98061238
020 _z9780761951551
020 _z0761951547
020 _z0761951555 (pbk.)
040 _aCaPaEBR
_cCaPaEBR
035 _a(OCoLC)464660903
050 1 4 _aRC481
_b.P47 1998eb
245 0 0 _aPerson-centred therapy
_h[electronic resource] :
_ba European perspective /
_cedited by Brian Thorne and Elke Lambers.
260 _aLondon ;
_aThousand Oaks :
_bSAGE,
_c1998.
300 _axi, 243 p.
504 _aIncludes bibliographical references and index.
533 _aElectronic reproduction.
_bPalo Alto, Calif. :
_cebrary,
_d2009.
_nAvailable via World Wide Web.
_nAccess may be limited to ebrary affiliated libraries.
650 0 _aClient-centered psychotherapy.
650 0 _aPsychotherapy.
655 7 _aElectronic books.
_2local
700 1 _aLambers, Elke.
700 1 _aThorne, Brian,
_d1937-
710 2 _aebrary, Inc.
856 4 0 _uhttp://site.ebrary.com/lib/rucke/Doc?id=10326933
_zAn electronic book accessible through the World Wide Web; click to view
999 _c159745
_d159745